Viviendo a toda : jóvenes, territorios culturales y nuevas sensibilidades /
Compilación de ensayos de investigadores sociales de Argentina, Colombia, España y México en los que se exponen los resultados de algunos de sus análisis y propuestas conceptuales sobre los jóvenes. Los ensayos tienen en común el tratamiento que desde la cultura hacen de sus sujetos de estudio, y po...
Guardat en:
| Autor principal: | |
|---|---|
| Altres autors: | , |
| Format: | Llibre |
| Idioma: | espanyol |
| Publicat: |
Bogotá, Colombia :
Siglo del Hombre : Universidad Central, Instituto de Estudios Sociales Contemporáneos,
1998, c1998
|
| Col·lecció: | (Biblioteca Universitaria Ciencias Sociales y Humanidades. Encuentros)
|
| Matèries: | |
| Etiquetes: |
Sense etiquetes, Sigues el primer a etiquetar aquest registre!
|
MARC
| LEADER | 00000nam^a2200000^a^4500 | ||
|---|---|---|---|
| 001 | 000142143 | ||
| 005 | 20250521000000.0 | ||
| 009 | 20260310095639.425 | ||
| 020 | |a 958-665-011-1 | ||
| 037 | |a Acervo ITESO - Biblioteca | ||
| 041 | |a ESP | ||
| 082 | |a 305. 235 |b CUB | ||
| 100 | |a Cubides Cipagauta, Humberto |e (ed.) | ||
| 245 | 1 | 0 | |a Viviendo a toda : |b jóvenes, territorios culturales y nuevas sensibilidades / |c Ed. de H. Cubides Cipagauta, M.C. Laverde Toscano, C.E. Valderrama H. |
| 264 | 4 | |a Bogotá, Colombia : |b Siglo del Hombre : |b Universidad Central, Instituto de Estudios Sociales Contemporáneos, |c 1998, c1998 | |
| 300 | |a XIII, 326 p. | ||
| 336 | |a texto |b txt |2 rdacontenido | ||
| 337 | |a sin mediación |b n |2 rdamedio | ||
| 338 | |a volumen |b nc |2 rdasoporte | ||
| 440 | 1 | |a (Biblioteca Universitaria Ciencias Sociales y Humanidades. |p Encuentros) | |
| 520 | |a Compilación de ensayos de investigadores sociales de Argentina, Colombia, España y México en los que se exponen los resultados de algunos de sus análisis y propuestas conceptuales sobre los jóvenes. Los ensayos tienen en común el tratamiento que desde la cultura hacen de sus sujetos de estudio, y por otra el referente de las problemáticas asociadas a las adscripciones territoriales e identidades juveniles. | ||
| 649 | |a XX | ||
| 650 | |a Jóvenes Latinoamericanos | ||
| 650 | |a Niños Latinoamericanos | ||
| 650 | |a Bandas Juveniles - |z Latinoamérica | ||
| 650 | |a Contracultura - |z Latinoamérica | ||
| 650 | |a Violencia - |z Latinoamérica | ||
| 650 | |a Rock - |z Latinoamérica | ||
| 650 | |a Televisión - |x Aspectos Sociales y Culturales | ||
| 650 | |a Medios de Comunicación | ||
| 650 | |a Comunicación Masiva | ||
| 650 | |a Credibilidad (Medios de Comunicación) | ||
| 650 | |a Mediación de la Comunicación | ||
| 650 | |a Consumo y Oferta Cultural | ||
| 650 | |a Prácticas Culturales | ||
| 650 | |a Identidad Cultural | ||
| 650 | |a Diferencia y Otredad | ||
| 650 | |a Problemas Sociales | ||
| 650 | |a Antropología Cultural | ||
| 650 | |a Sociología de la Cultura | ||
| 700 | |a Laverde Toscano, María Cristina |e (edición) | ||
| 700 | |a Valderrama H., Carlos Eduardo |e (edición) | ||
| 910 | |a Fondo General | ||
| 920 | |a Impresos - Libros | ||
| 930 | |a Colección General | ||
| 905 | |a 101 | ||
| 901 | |a 0500070955 |b IT1 |c ACC |u 20250521 | ||
| 901 | |a 0500090520 |b IT1 |c ACC |u 20250521 | ||
| 902 | |a https://opac.biblio.iteso.mx/vufind/Record/000142143 | ||